|
|
|
|
| LEADER |
00929cas a2200205 a 4500 |
| 001 |
AALejournalIMF013621 |
| 008 |
230101c9999 xx r poo 0 0eng d |
| 020 |
|
|
|z 9781484371060
|
| 040 |
|
|
|a BD-DhAAL
|c BD-DhAAL
|
| 110 |
2 |
|
|a International Monetary Fund.
|
| 240 |
1 |
0 |
|a Articles of Agreement.
|l Arabic
|
| 245 |
1 |
0 |
|a Articles of Agreement.
|
| 264 |
|
1 |
|a Washington, D.C. :
|b International Monetary Fund,
|c 2016.
|
| 300 |
|
|
|a 1 online resource (134 pages)
|
| 500 |
|
|
|a <strong>Off-Campus Access:</strong> No User ID or Password Required
|
| 500 |
|
|
|a <strong>On-Campus Access:</strong> No User ID or Password Required
|
| 506 |
|
|
|a Electronic access restricted to authorized BRAC University faculty, staff and students
|
| 520 |
3 |
|
|a Articles of Agreement.
|
| 538 |
|
|
|a Mode of access: Internet
|
| 856 |
4 |
0 |
|z Full text available on IMF
|u http://elibrary.imf.org/view/books/013/20222-9781484371060-ar/20222-9781484371060-ar-book.xml
|z IMF e-Library
|